Logique Sportive - Mort Subite #36.8 - Statistiques

Statistiques générales
  • Ce quiz a été pris 87 fois
  • Le résultat moyen est 4 sur 30
Answers on the Grid
Answers color-coded by a green-red scale on the quiz's grid according to % correct below.
Circuit
Vibreur
MotoGP
Barry Sheene
Fabio Quartararo
Bulle
World Superbike
Slider
Poignée de gaz
Fourche
Suspension
Long lap
Flag to flag
Combinaison
Casque
Drapeau a damier
Bac a gravier
Shortcut penalty
Sepangate
Maria Herrera
Bottes
Poser le coude
Wheeling
Ducati
Arm-pump
Doce mas Uno
Bras Oscillant
Cuir
Grille
Stoppie
Formule 1
Motocross
Flavio Briatore
Jack Doohan
Yas Marina
15 points une 3eme place
Tête-a-queue
UCI
Bosses
Descente
Travis Pastrana
Callisthènie
Gainage
Voiturier
GPDA
Copilote
WEC
Silverstone 2022 annulé
 
Statistiques - réponses
Réponse % Correct
MotoGP
43%
Circuit
40%
Fabio Quartararo
30%
Casque
27%
Grille
27%
Drapeau a damier
25%
Poignée de gaz
22%
Ducati
21%
Wheeling
21%
Suspension
19%
Cuir
17%
Vibreur
17%
Bottes
16%
Bac a gravier
14%
Fourche
13%
Long lap
13%
Poser le coude
13%
World Superbike
13%
Combinaison
11%
Bulle
10%
Flag to flag
6%
Stoppie
6%
Arm-pump
5%
Sepangate
5%
Barry Sheene
3%
Bras Oscillant
3%
Doce mas Uno
2%
Maria Herrera
2%
Shortcut penalty
0%
Slider
0%
Aucun quiz correspondant
Distribution des résultats
% des personnes avec chaque résultat
Percentile par nombre de réponses
Votre historique - résultats
Vous n’avez pas pris ce quiz